000 00783nam a22002537a 4500
005 20250326121228.0
008 250326b |||||||| |||| 00| 0 eng d
020 _a9789387496668
037 _cREF
040 _aLCT
_cLCT
041 _2eng
_aeng
084 _aWx1:1 R1
100 _aKautilya
245 _aKautilya's Arthasastra of R. Shamasastry/
260 _aNew Delhi, India:
_bDev publishers,
_c2021
300 _aix, 436p.
650 _aKautilya's Arthasastra
_9747602
650 _a Administrative law
_9681514
650 _aAdministrative law India
_9747603
650 _aKings and rulers
_9591070
650 _a Hindu law
700 _a Thakur, Jitendra (ed.)
_9747604
942 _2CC
_cREF
_hWx1:1 R1
_n0
999 _c1269282
_d1269282